000 01540cam a2200433 a 4500
999 _c58896
_d58896
003 BJBSDDR
005 20230410121139.0
007 ta
008 081217s2008 fr b 001 0 fre c
020 _a9782707153876 (pbk.)
020 _a2707153877 (pbk.)
029 1 _aAU@
_b000044242978
035 _a(OCoLC)ocn288778622
035 _a(OCoLC)288778622
040 _aGZM
_cGZM
_bspa
041 1 _afre
_hita
042 _apcc
043 _ae-fr---
050 1 4 _aJV 1827
_bC838m 2008
082 0 0 _a325.3/44
_b042 22
100 1 _aCostantini, Dino.
245 1 0 _aMission civilisatrice :
_ble róle de l'histoire coloniale dans la construction de l'identité politique francaise /
_cDino Costantin ; traduit de l'italien par Juliette Ferdinand.
260 _aParis :
_béditions La Découverte,
_c2008.
300 _a286 p. ;
_c23 cm.
490 1 _aTextes áa l'appui. études coloniales
504 _aIncludes bibliographical references (p. 273-[279]) and index.
546 _aTranslated from Italian.
650 0 _aDecolonization
_zFrance
_xHistory
_y20th century.
650 0 _aIdentity (Philosophical concept)
_xPolitical aspects
_zFrance.
650 4 _aDescolonización
_zFrancia
_xHistoria
_ySiglo XX.
_910876
650 4 _aColonialismo
_zFrancia
_94626
651 0 _aFrance
_xColonies
_xAdministration.
651 0 _aFrance
_xCivilization.
651 0 _aFrancia
_xCivilización
_9392
830 0 _aTextes áa l'appui.
_pSérie "études coloniales."
936 _aPR 263723692
942 _2lcc
_cBK
946 _amjcruz